000
00277nam a22001337a 4500
008
181016b xxu||||| |||| 00| 0 eng d
020
_a
0669848301
041
_a
eng
080
_a
540
100
_a
12
101
_a
KIM
245
_a
Chemistry
_c
Maciel,G.E
942
_2
udc
_c
BK
999
_c
49928
_d
49928